|
|
|
|
| LEADER |
01551nam a2200409Ia 4500 |
| 001 |
EBC1112246 |
| 003 |
MiAaPQ |
| 005 |
20200520144314.0 |
| 006 |
m o d | |
| 007 |
cr cn||||||||| |
| 008 |
121019s2013 ne a sb 001 0 eng d |
| 010 |
|
|
|z 2012038876
|
| 020 |
|
|
|z 9789004232648 (alk. paper)
|
| 020 |
|
|
|a 9789004232655 (electronic bk.)
|
| 035 |
|
|
|a (MiAaPQ)EBC1112246
|
| 035 |
|
|
|a (Au-PeEL)EBL1112246
|
| 035 |
|
|
|a (CaPaEBR)ebr10645954
|
| 035 |
|
|
|a (CaONFJC)MIL426850
|
| 035 |
|
|
|a (OCoLC)826856151
|
| 040 |
|
|
|a MiAaPQ
|c MiAaPQ
|d MiAaPQ
|
| 050 |
|
4 |
|a HD1131
|b .S48 2013
|
| 082 |
0 |
4 |
|a 333.3/1091724
|2 23
|
| 245 |
0 |
0 |
|a Settler economies in world history
|h [electronic resource] /
|c edited by Christopher Lloyd, Jacob Metzer, Richard Sutch.
|
| 260 |
|
|
|a Leiden ;
|a Boston :
|b Brill,
|c 2013.
|
| 300 |
|
|
|a xxiii, 605 p. :
|b ill.
|
| 490 |
0 |
|
|a Global economic history series,
|x 1872-5155 ;
|v vol. 9
|
| 504 |
|
|
|a Includes bibliographical references and index.
|
| 533 |
|
|
|a Electronic reproduction. Ann Arbor, MI : ProQuest, 2015. Available via World Wide Web. Access may be limited to ProQuest affiliated libraries.
|
| 650 |
|
0 |
|a Indigenous peoples
|z Developing countries.
|
| 650 |
|
0 |
|a Land settlement
|z Developing countries.
|
| 651 |
|
0 |
|a Europe
|x Colonies.
|
| 655 |
|
4 |
|a Electronic books.
|
| 700 |
1 |
|
|a Lloyd, Christopher,
|d 1950-
|
| 700 |
1 |
|
|a Metzer, Jacob.
|
| 700 |
1 |
|
|a Sutch, Ricchard.
|
| 710 |
2 |
|
|a ProQuest (Firm)
|
| 856 |
4 |
0 |
|u https://ebookcentral.proquest.com/lib/matrademy/detail.action?docID=1112246
|z Click to View
|